| 000 | 00432nam a2200157 4500 | ||
|---|---|---|---|
| 003 | SEACOMEC | ||
| 005 | 20250416123719.0 | ||
| 008 | 250416b |||||||| |||| 00| 0 eng d | ||
| 020 |
_a8176601497 _c370.00 |
||
| 040 | _aSEACOMEC | ||
| 082 |
_a621.3815 _bC487 |
||
| 100 | _ahaskar, Uttam M | ||
| 245 |
_aModern Digital Electronic/ _cU M Chaskar. & S L Patil, |
||
| 260 |
_akolkata: _b Everest Publishing House, _c2010 |
||
| 942 | _cBOOK | ||
| 999 |
_c2195 _d2195 |
||